书目信息 |
| 题名: |
翡翠鉴赏
|
|
| 作者: | 由伟 编著 | |
| 分册: | ||
| 出版信息: | 北京 清华大学出版社 2025.03 |
|
| 页数: | 333页 | |
| 开本: | 21cm | |
| 丛书名: | ||
| 单 册: | ||
| 中图分类: | TS933.21 | |
| 科图分类: | ||
| 主题词: | 翡翠--fei cui--鉴赏 | |
| 电子资源: | ||
| ISBN: | 978-7-302-68190-8 | |
| 000 | 01141nam0 2200241 450 | |
| 001 | 94080 | |
| 005 | 20250819203344.32 | |
| 010 | @a978-7-302-68190-8@dCNY69.00 | |
| 100 | @a20250325d2025 em y0chiy50 ea | |
| 101 | 0 | @achi |
| 102 | @aCN@b110000 | |
| 105 | @aa z 000yy | |
| 106 | @ar | |
| 200 | 1 | @a翡翠鉴赏@Afei cui jian shang@e全彩珍藏版@f由伟编著 |
| 210 | @a北京@c清华大学出版社@d2025.03 | |
| 215 | @a333页@c彩图@d21cm | |
| 314 | @a由伟, 51岁, 清华大学博士, 华北科技学院副教授、系主任, 从事材料科学领域的教学与科研工作, 1.发表了60余篇学术论文 ; 2.获得10项发明专利, 2项实用新型专利 ; 3.获得中国煤炭工业协会专利奖、河北省煤炭工业协会科技进步奖等奖励 ; 4. 已出版3本图书, 《珠宝鉴定》、《琥珀鉴定一本通》、《珠宝鉴赏大全》。 | |
| 330 | @a本书全面系统地介绍了翡翠的相关知识, 涵盖了其主要特征、种类、原石交易 (赌石) 、加工技艺、选购技巧、常见的伪造手段及其鉴别方法, 以及当前市场的消费趋势等。本书旨在帮助读者学会鉴赏和挑选翡翠, 了解其价值评估和真伪鉴别的方法。 | |
| 606 | 0 | @a翡翠@Afei cui@x鉴赏 |
| 690 | @aTS933.21@v5 | |
| 701 | 0 | @a由伟@Ayou wei@4编著 |
| 801 | 0 | @aCN@c20250909 |
| 905 | @a河南城建学院图书馆@dTS933.21@eY672@f1 | |
| 翡翠鉴赏:全彩珍藏版/由伟编著.-北京:清华大学出版社,2025.03 |
| 333页:彩图;21cm |
| ISBN 978-7-302-68190-8:CNY69.00 |
| 本书全面系统地介绍了翡翠的相关知识, 涵盖了其主要特征、种类、原石交易 (赌石) 、加工技艺、选购技巧、常见的伪造手段及其鉴别方法, 以及当前市场的消费趋势等。本书旨在帮助读者学会鉴赏和挑选翡翠, 了解其价值评估和真伪鉴别的方法。 |
| ● |
| 相关链接 |
|
|
|
正题名:翡翠鉴赏
索取号:TS933.21/Y672
 
预约/预借
| 序号 | 登录号 | 条形码 | 馆藏地/架位号 | 状态 | 备注 |
| 1 | 1628008 | 216280085 | 自科库501/501自科库 43排6列3层/ [索取号:TS933.21/Y672] | 在馆 |